Indian Horizons (Record no. 179861)

MARC details
000 -LEADER
fixed length control field 00233nam a22001097a 4500
008 - FIXED-LENGTH DATA ELEMENTS--GENERAL INFORMATION
fixed length control field 210707s2011 xx 000 0 und d
041 ## - LANGUAGE CODE
Language code of text/sound track or separate title eng
082 ## - DEWEY DECIMAL CLASSIFICATION NUMBER
Classification number 052 IHOR
245 ## - TITLE STATEMENT
Title Indian Horizons
260 ## - PUBLICATION, DISTRIBUTION, ETC.
Date of publication, distribution, etc. 2011
650 ## - SUBJECT ADDED ENTRY--TOPICAL TERM
Topical term or geographic name entry element The Arts
Holdings
Withdrawn status Lost status Damaged status Not for loan Collection code Home library Current library Date acquired Serial Enumeration / chronology Total Checkouts Full call number Barcode Date last seen Price effective from Koha item type
          St Aloysius Library St Aloysius Library 02/08/2019 Vol no:58-9; Issue no:06-01   052 IHOR BV1042 07/07/2021 07/07/2021 Bound Volume